000
00311pab a2200109 454500
008
180718b xxu||||| |||| 00| 0 eng d
100
_a
Sreedhar, D.Venkata
245
_a
Changing pattern of industrial development of Andhra Pradesh
650
_a
Industry - India - Andhra Pradesh
773
_a
Yojana
909
_a
22229
999
_c
22229
_d
22229